Деформационные и реакционные (расплав/порода) изменения состава минералов реститовых гипербазитов офиолитов (Восточного Саяна): петрогенетические аспекты; Известия Томского политехнического университета [Известия ТПУ]; Т. 312, № 1 : Науки о Земле
| Parent link: | Известия Томского политехнического университета [Известия ТПУ]/ Томский политехнический университет (ТПУ).— , 2000- Т. 312, № 1 : Науки о Земле.— 2008.— [С. 21-25] |
|---|---|
| Κύριος συγγραφέας: | |
| Περίληψη: | Заглавие с титульного листа Электронная версия печатной публикации На основании детального изучения состава породообразующих и акцессорных минералов гипербазитов Оспинского массива (Восточный Саян), была сделана попытка количественно определить степень влияния деформационных преобразований и взаимодействия расплав/порода на состав минералов мантийного парагенезиса. |
| Γλώσσα: | Ρωσικά |
| Έκδοση: |
2008
|
| Σειρά: | Геология и полезные ископаемые |
| Θέματα: | |
| Διαθέσιμο Online: | http://www.lib.tpu.ru/fulltext/v/Bulletin_TPU/2008/v312/i1/03.pdf |
| Μορφή: | Ηλεκτρονική πηγή Κεφάλαιο βιβλίου |
| KOHA link: | https://koha.lib.tpu.ru/cgi-bin/koha/opac-detail.pl?biblionumber=172889 |
MARC
| LEADER | 00000nla2a2200000 4500 | ||
|---|---|---|---|
| 001 | 172889 | ||
| 005 | 20231031164401.0 | ||
| 035 | |a (RuTPU)RU\TPU\book\187505 | ||
| 035 | |a RU\TPU\book\187486 | ||
| 090 | |a 172889 | ||
| 100 | |a 20091216d2008 k y0rusy50 ca | ||
| 101 | 0 | |a rus | |
| 102 | |a RU | ||
| 135 | |a drnn ---uucaa | ||
| 181 | 0 | |a i | |
| 182 | 0 | |a b | |
| 200 | 1 | |a Деформационные и реакционные (расплав/порода) изменения состава минералов реститовых гипербазитов офиолитов (Восточного Саяна): петрогенетические аспекты |b Электронный ресурс |f Т. Н. Анциферова | |
| 203 | |a Текст |c электронный | ||
| 215 | |a 1 файл (1.4 Мб) | ||
| 225 | 1 | |a Геология и полезные ископаемые | |
| 230 | |a Электронные текстовые данные (1 файл : 1.4 Мб) | ||
| 300 | |a Заглавие с титульного листа | ||
| 300 | |a Электронная версия печатной публикации | ||
| 320 | |a [Библиогр.: с. 25 (17 назв.)] | ||
| 330 | |a На основании детального изучения состава породообразующих и акцессорных минералов гипербазитов Оспинского массива (Восточный Саян), была сделана попытка количественно определить степень влияния деформационных преобразований и взаимодействия расплав/порода на состав минералов мантийного парагенезиса. | ||
| 337 | |a Adobe Reader | ||
| 461 | 1 | |0 (RuTPU)RU\TPU\book\176237 |t Известия Томского политехнического университета [Известия ТПУ] |f Томский политехнический университет (ТПУ) |d 2000- | |
| 463 | 1 | |0 (RuTPU)RU\TPU\book\187484 |t Т. 312, № 1 : Науки о Земле |v [С. 21-25] |d 2008 |p 106 с. | |
| 610 | 1 | |a деформационные изменения | |
| 610 | 1 | |a реакционные изменения | |
| 610 | 1 | |a расплавы | |
| 610 | 1 | |a горные породы | |
| 610 | 1 | |a реститовые гипербазиты | |
| 610 | 1 | |a офиолиты | |
| 610 | 1 | |a Восточный Саян | |
| 610 | 1 | |a петрогенетические аспекты | |
| 610 | 1 | |a Оспинский массив | |
| 610 | 1 | |a деформационные преобразования | |
| 610 | 1 | |a породообразующие минералы | |
| 610 | 1 | |a акцессорные минералы | |
| 610 | 1 | |a мантийные парагенезисы | |
| 610 | 1 | |a электронный ресурс | |
| 700 | 1 | |a Анциферова |b Т. Н. | |
| 801 | 1 | |a RU |b 63413507 |c 20090623 |g PSBO | |
| 801 | 2 | |a RU |b 63413507 |c 20210301 |g PSBO | |
| 856 | 4 | |u http://www.lib.tpu.ru/fulltext/v/Bulletin_TPU/2008/v312/i1/03.pdf | |
| 942 | |c CF | ||